[Event "Labour Day op"]
[Site "Kitchener CAN"]
[Date "2013.09.03"]
[Round "6"]
[White "Sambuev, Bator"]
[Black "Pace, Christopher"]
[Result "1-0"]
[WhiteElo "2637"]
[BlackElo "2126"]
[PlyCount "59"]
[GameId "2160767909229669"]
[EventDate "2013.08.31"]
[EventType "swiss"]
[EventRounds "6"]
[EventCountry "CAN"]

1. d4 Nf6 2. c4 e6 3. Nc3 d5 4. Bg5 Bb4 5. cxd5 exd5 6. e3 c6 7. Qc2 h6 8. Bh4 O-O 9. Bd3 Re8 10. Nge2 Nbd7 11. a3 Bd6 12. g4 g5 13. Bg3 Nf8 14. h3 Kg7 15. Qd2 Ng6 16. Bxg6 fxg6 17. f3 Bxg3+ 18. Nxg3 Qd6 19. Kf2 Rf8 20. Kg2 Bd7 21. Rae1 Rae8 22. b4 h5 23. Rhf1 hxg4 24. fxg4 Bxg4 25. hxg4 Nxg4 26. Nd1 Rxf1 27. Nxf1 Rh8 28. Kg1 Rh2 29. Nxh2 Qg3+ 30. Kh1 1-0

[Event "Labour Day op U1600"]
[Site "Toronto CAN"]
[Date "2013.08.31"]
[Round "1"]
[White "Brown, John R"]
[Black "Pishdad, Hassan"]
[Result "1-0"]
[WhiteElo "1429"]
[BlackElo "1167"]
[PlyCount "69"]
[GameId "2160767909229670"]
[EventDate "2013.08.31"]
[EventType "swiss"]
[EventRounds "6"]
[EventCountry "CAN"]

1. d4 Nf6 2. Nc3 e6 3. Bg5 c6 4. e4 Be7 5. f4 h6 6. Bxf6 Bxf6 7. e5 Be7 8. Bd3 d5 9. Nf3 Qb6 10. Rb1 Bb4 11. O-O Qc7 12. Ne2 b5 13. c3 Be7 14. b4 Ba6 15. Ng3 g6 16. Rb2 Qb7 17. Nd2 Nd7 18. Qe2 Nb6 19. Ra1 Na4 20. Rc2 Qb6 21. Nb3 Qc7 22. Nc5 Nxc5 23. bxc5 Qa5 24. a4 Bc8 25. Qe1 bxa4 26. Rca2 Qc7 27. Rxa4 O-O 28. Qe2 a5 29. Nf1 Kg7 30. Nd2 Bd7 31. Nb3 f5 32. Qa2 Rf7 33. Rxa5 Rxa5 34. Nxa5 g5 35. g3 1-0

[Event "Labour Day op U1600"]
[Site "Toronto CAN"]
[Date "2013.09.02"]
[Round "6"]
[White "Ganolli, Rahul"]
[Black "Pishdad, Hassan"]
[Result "0-1"]
[WhiteElo "878"]
[BlackElo "1167"]
[PlyCount "68"]
[GameId "2160767909229675"]
[EventDate "2013.08.31"]
[EventType "swiss"]
[EventRounds "6"]
[EventCountry "CAN"]

1. e4 c5 2. Nf3 e6 3. Nc3 d5 4. exd5 exd5 5. d4 Be6 6. Bb5+ Nc6 7. Ne5 Qc7 8. Bf4 Qb6 9. a4 a5 10. dxc5 Bxc5 11. O-O Nge7 12. Nd3 O-O 13. Nxc5 Qxc5 14. Be3 Qb4 15. Rb1 Rfd8 16. Bd2 Qd6 17. Bd3 Rac8 18. Bg5 f6 19. Bh4 Bf7 20. Bg3 Qb4 21. Bf4 Qxf4 22. Ne2 Qxa4 23. Ra1 Qb4 24. f4 Qb6+ 25. Kh1 Nb4 26. Ra3 Nxd3 27. Qxd3 d4 28. Rf3 Qxb2 29. Rh3 Qb1+ 30. Ng1 Bg6 31. Qf3 Rxc2 32. Rb3 Qa1 33. Qxb7 Rc1 34. g3 Rxg1# 0-1

[Event "Langley op"]
[Site "Langley CAN"]
[Date "2013.08.31"]
[Round "2"]
[White "Piasetski, Leon"]
[Black "Salcedo, Daniel"]
[Result "1-0"]
[WhiteElo "2390"]
[BlackElo "1903"]
[PlyCount "71"]
[GameId "2160767909229676"]
[EventDate "2013.08.31"]
[EventType "swiss"]
[EventRounds "6"]
[EventCountry "CAN"]
[SourceTitle "EXT 2022"]
[Source "ChessBase"]
[SourceDate "2021.10.06"]
[SourceVersion "1"]
[SourceVersionDate "2021.10.06"]
[SourceQuality "1"]

1. Nf3 Nf6 2. c4 g6 3. Nc3 d5 4. Qa4+ c6 5. cxd5 Nxd5 6. Qd4 f6 7. g3 Qb6 8. Qa4 Nd7 9. Bg2 Nc5 10. Qd1 Bg7 11. O-O O-O 12. d4 Na6 13. e4 Nxc3 14. bxc3 Qa5 15. Qb3+ Kh8 16. a4 Qc7 17. Ba3 Bg4 18. h3 Bxf3 19. Bxf3 Rfe8 20. Rab1 Rab8 21. Be2 Qa5 22. Bc4 Bf8 23. e5 fxe5 24. Rfe1 exd4 25. cxd4 Bg7 26. Bf7 Red8 27. Rxe7 Qg5 28. Rxb7 Bxd4 29. Qf3 Rxb7 30. Rxb7 c5 31. Bc4 Nb8 32. Kg2 Nd7 33. Rxd7 Rc8 34. Qf7 Qh6 35. Rxd4 cxd4 36. Be7 1-0

[Event "Langley op"]
[Site "Langley CAN"]
[Date "2013.09.01"]
[Round "3"]
[White "Cao, Jason"]
[Black "Herdin, Matthew"]
[Result "1-0"]
[WhiteElo "2293"]
[BlackElo "2113"]
[PlyCount "53"]
[GameId "2160767909229677"]
[EventDate "2013.08.31"]
[EventType "swiss"]
[EventRounds "6"]
[EventCountry "CAN"]
[SourceTitle "EXT 2022"]
[Source "ChessBase"]
[SourceDate "2021.10.06"]
[SourceVersion "1"]
[SourceVersionDate "2021.10.06"]
[SourceQuality "1"]

1. d4 Nf6 2. Nf3 g6 3. c4 Bg7 4. g3 O-O 5. Bg2 c6 6. Nc3 d5 7. cxd5 cxd5 8. Bf4 Nc6 9. Ne5 Qb6 10. Nxc6 bxc6 11. Qd2 Nd7 12. Be3 Rb8 13. b3 Qb4 14. Rc1 Re8 15. Na4 Qd6 16. O-O Ba6 17. Nc5 Nxc5 18. Rxc5 Rb5 19. Rfc1 Rxc5 20. Rxc5 e5 21. dxe5 Bxe5 22. Ra5 Bxe2 23. Qxe2 Bc3 24. Rxa7 d4 25. Qc4 Qf6 26. Bf4 Kg7 27. h4 1-0

[Event "Langley op"]
[Site "Langley CAN"]
[Date "2013.09.01"]
[Round "3"]
[White "Hui, Jeremy"]
[Black "Villavieja, Butch"]
[Result "0-1"]
[WhiteElo "2039"]
[BlackElo "2217"]
[PlyCount "74"]
[GameId "2160767909229678"]
[EventDate "2013.08.31"]
[EventType "swiss"]
[EventRounds "6"]
[EventCountry "CAN"]
[SourceTitle "EXT 2022"]
[Source "ChessBase"]
[SourceDate "2021.10.06"]
[SourceVersion "1"]
[SourceVersionDate "2021.10.06"]
[SourceQuality "1"]

1. e4 c5 2. Nf3 d6 3. Bb5+ Nd7 4. d4 Ngf6 5. O-O cxd4 6. Qxd4 e5 7. Qd3 h6 8. c4 Be7 9. Nc3 O-O 10. Bxd7 Bxd7 11. Be3 a6 12. Rfd1 Qa5 13. Rac1 Rac8 14. Nd2 Be6 15. a3 Ng4 16. Nb3 Qd8 17. Nd5 Bxd5 18. Qxd5 Nxe3 19. fxe3 Qb6 20. Rd3 Bg5 21. Kf2 Rfd8 22. Rc2 Rc5 23. Nxc5 dxc5 24. Ke2 Rxd5 25. cxd5 Be7 26. Rcd2 Bd6 27. g3 Qb5 28. b3 Qd7 29. Kf3 h5 30. Rc2 Qg4+ 31. Kf2 Qxe4 32. Rdd2 Qh1 33. Re2 Qxh2+ 34. Kf3 Qh1+ 35. Rg2 Qd1+ 36. Rge2 Qxd5+ 37. Kf2 e4 0-1

[Event "Langley op"]
[Site "Langley CAN"]
[Date "2013.09.01"]
[Round "3"]
[White "Kenney, Jason"]
[Black "Piasetski, Leon"]
[Result "0-1"]
[WhiteElo "2179"]
[BlackElo "2390"]
[PlyCount "104"]
[GameId "2160767909229679"]
[EventDate "2013.08.31"]
[EventType "swiss"]
[EventRounds "6"]
[EventCountry "CAN"]
[SourceTitle "EXT 2022"]
[Source "ChessBase"]
[SourceDate "2021.10.06"]
[SourceVersion "1"]
[SourceVersionDate "2021.10.06"]
[SourceQuality "1"]

1. c4 b6 2. d4 e6 3. a3 Nf6 4. Nf3 Be7 5. Nc3 d5 6. cxd5 exd5 7. Bg5 O-O 8. e3 Be6 9. Bd3 h6 10. Bh4 Nbd7 11. O-O c5 12. Rc1 Ne8 13. Bxe7 Qxe7 14. dxc5 bxc5 15. Bb5 Nb6 16. Na4 Nxa4 17. Qxa4 Nf6 18. Qc2 Rab8 19. Ba4 Rfc8 20. Ne5 Qd6 21. Nf3 Ne4 22. Nd2 Bf5 23. Nxe4 Bxe4 24. Qd2 Qa6 25. Bd1 Qd3 26. Qxd3 Bxd3 27. Bg4 Bxf1 28. Bxc8 Bc4 29. Bd7 Rxb2 30. h3 Rb3 31. e4 Rxa3 32. exd5 Bxd5 33. Rxc5 Ra1+ 34. Kh2 Bb3 35. Rb5 Ra3 36. Rb8+ Kh7 37. g4 a5 38. Rb7 g6 39. f4 a4 40. f5 Kg7 41. fxg6 Kxg6 42. h4 Kf6 43. Be8 Ra2+ 44. Kg3 Bd5 45. Rb6+ Ke7 46. Bxa4 Rxa4 47. Rxh6 Be6 48. g5 Kd6 49. Kf3 Ke5 50. g6 Bd5+ 51. Ke2 f5 52. g7 Rg4 0-1

[Event "Langley op"]
[Site "Langley CAN"]
[Date "2013.09.01"]
[Round "3"]
[White "Knox, Nathaniel"]
[Black "Ingram, Richard"]
[Result "0-1"]
[WhiteElo "1583"]
[BlackElo "1929"]
[PlyCount "72"]
[GameId "2160767909229680"]
[EventDate "2013.08.31"]
[EventType "swiss"]
[EventRounds "6"]
[EventCountry "CAN"]
[SourceTitle "EXT 2022"]
[Source "ChessBase"]
[SourceDate "2021.10.06"]
[SourceVersion "1"]
[SourceVersionDate "2021.10.06"]
[SourceQuality "1"]

1. d4 Nf6 2. c4 e6 3. Nc3 Bb4 4. Qc2 O-O 5. a3 Bxc3+ 6. Qxc3 b6 7. Nf3 d6 8. Bg5 Nbd7 9. e3 Ba6 10. Bd3 c5 11. O-O cxd4 12. Qxd4 Nc5 13. Bc2 d5 14. Ne5 Nce4 15. Bxe4 dxe4 16. Rfd1 Qxd4 17. Rxd4 Rfd8 18. Rad1 Rxd4 19. Rxd4 h6 20. Bxf6 gxf6 21. Nc6 Bb7 22. Rd8+ Rxd8 23. Nxd8 Ba8 24. b4 Kf8 25. b5 Ke7 26. Nc6+ Bxc6 27. bxc6 Kd6 28. c7 Kxc7 29. f4 f5 30. Kf2 Kd6 31. Kg3 Kc5 32. Kh4 Kxc4 33. Kh5 Kd3 34. Kxh6 Kxe3 35. h4 Kxf4 36. h5 Kg4 0-1

[Event "Langley op"]
[Site "Langley CAN"]
[Date "2013.09.01"]
[Round "3"]
[White "Sohal, Tanraj"]
[Black "Yu, Robin"]
[Result "1-0"]
[WhiteElo "2264"]
[BlackElo "1828"]
[PlyCount "65"]
[GameId "2160767909229681"]
[EventDate "2013.08.31"]
[EventType "swiss"]
[EventRounds "6"]
[EventCountry "CAN"]
[SourceTitle "EXT 2022"]
[Source "ChessBase"]
[SourceDate "2021.10.06"]
[SourceVersion "1"]
[SourceVersionDate "2021.10.06"]
[SourceQuality "1"]

1. d4 Nf6 2. c4 c5 3. d5 b5 4. Qc2 bxc4 5. e4 g6 6. Bxc4 d6 7. Nf3 Nbd7 8. O-O Bg7 9. h3 O-O 10. Nbd2 Bb7 11. Rb1 Qc7 12. b3 Rfe8 13. Bb2 a5 14. a4 Nb8 15. Rfe1 Na6 16. Bxa6 Bxa6 17. Nc4 Bxc4 18. bxc4 Reb8 19. e5 Ne8 20. e6 Bf6 21. Bxf6 exf6 22. Rb5 Ra7 23. Nd2 Rxb5 24. cxb5 Qe7 25. Nc4 Ng7 26. exf7+ Qxf7 27. Nxd6 Qd7 28. b6 Ra8 29. b7 Rb8 30. Qxc5 Nf5 31. Qc8+ Rxc8 32. bxc8=Q+ Qxc8 33. Nxc8 1-0

[Event "Langley op"]
[Site "Langley CAN"]
[Date "2013.09.01"]
[Round "4"]
[White "Foote, Joanne"]
[Black "Ingram, Richard"]
[Result "1/2-1/2"]
[WhiteElo "1670"]
[BlackElo "1929"]
[PlyCount "115"]
[GameId "2160767909229682"]
[EventDate "2013.08.31"]
[EventType "swiss"]
[EventRounds "6"]
[EventCountry "CAN"]
[SourceTitle "EXT 2022"]
[Source "ChessBase"]
[SourceDate "2021.10.06"]
[SourceVersion "1"]
[SourceVersionDate "2021.10.06"]
[SourceQuality "1"]

1. e4 c5 2. Nc3 Nc6 3. g3 d6 4. Bg2 Nf6 5. d3 e6 6. f4 Be7 7. Nf3 a6 8. O-O O-O 9. Kh1 Qc7 10. Be3 d5 11. Bg1 dxe4 12. dxe4 Rd8 13. Qe2 Nd4 14. Nxd4 cxd4 15. Nd1 Bd7 16. Nf2 Rac8 17. Rac1 Ba4 18. Rfd1 Qa5 19. a3 Bb5 20. Nd3 Rd7 21. Qd2 Qxd2 22. Rxd2 Bxd3 23. Rxd3 Rc4 24. e5 Ne8 25. c3 f6 26. Rxd4 Rdxd4 27. Bxd4 Rc7 28. Re1 Kf7 29. Bf3 Rd7 30. Rd1 b5 31. Bb6 Rxd1+ 32. Bxd1 fxe5 33. fxe5 Bg5 34. b3 Bc1 35. a4 Bb2 36. axb5 axb5 37. Ba5 g6 38. Be2 b4 39. Bxb4 Nc7 40. Bd6 Nd5 41. c4 Nc3 42. Bf3 Ke8 43. Bb4 Na2 44. Bd6 Bd4 45. b4 Nc1 46. Be4 Nb3 47. Bc6+ Kd8 48. b5 Na5 49. c5 Nc4 50. b6 Nxd6 51. exd6 Bxc5 52. b7 Bxd6 53. Kg2 Kc7 54. Be4 Kd7 55. Kf3 Ke7 56. Kg4 Kf6 57. h4 h5+ 58. Kf3 1/2-1/2

[Event "Langley op"]
[Site "Langley CAN"]
[Date "2013.09.01"]
[Round "4"]
[White "Piasetski, Leon"]
[Black "Cao, Jason"]
[Result "1/2-1/2"]
[WhiteElo "2390"]
[BlackElo "2293"]
[PlyCount "35"]
[GameId "2160767909229683"]
[EventDate "2013.08.31"]
[EventType "swiss"]
[EventRounds "6"]
[EventCountry "CAN"]
[SourceTitle "EXT 2022"]
[Source "ChessBase"]
[SourceDate "2021.10.06"]
[SourceVersion "1"]
[SourceVersionDate "2021.10.06"]
[SourceQuality "1"]

1. c4 c5 2. Nf3 Nf6 3. Nc3 d5 4. cxd5 Nxd5 5. e3 Nxc3 6. bxc3 g6 7. Qa4+ Bd7 8. Qb3 Qb6 9. Ne5 Qxb3 10. axb3 Be6 11. Bb5+ Kd8 12. Be2 Nd7 13. Nxd7 Bxd7 14. Bf3 Kc7 15. d4 e6 16. c4 Bg7 17. Bb2 Bc6 18. O-O-O 1/2-1/2

[Event "Langley op"]
[Site "Langley CAN"]
[Date "2013.09.01"]
[Round "4"]
[White "Su, Michael"]
[Black "Hui, Jeremy"]
[Result "0-1"]
[WhiteElo "1881"]
[BlackElo "2039"]
[PlyCount "48"]
[GameId "2160767909229684"]
[EventDate "2013.08.31"]
[EventType "swiss"]
[EventRounds "6"]
[EventCountry "CAN"]
[SourceTitle "EXT 2022"]
[Source "ChessBase"]
[SourceDate "2021.10.06"]
[SourceVersion "1"]
[SourceVersionDate "2021.10.06"]
[SourceQuality "1"]

1. e4 e6 2. d4 d5 3. exd5 exd5 4. Bd3 Nc6 5. Ne2 Bd6 6. Nbc3 Nge7 7. Bg5 f6 8. Be3 Nb4 9. f3 c6 10. Ng3 Nxd3+ 11. Qxd3 Qc7 12. Bf2 Bd7 13. Nh5 O-O-O 14. Bg3 Nf5 15. Bxd6 Nxd6 16. O-O-O Bf5 17. Qd2 Bg6 18. Ng3 Nc4 19. Qf2 Qa5 20. a3 Nxa3 21. Nxd5 Rxd5 22. bxa3 Qxa3+ 23. Kd2 Qb4+ 24. Ke2 Qc4+ 0-1

[Event "Langley op"]
[Site "Langley CAN"]
[Date "2013.09.01"]
[Round "4"]
[White "Villavieja, Butch"]
[Black "Sohal, Tanraj"]
[Result "1-0"]
[WhiteElo "2217"]
[BlackElo "2264"]
[PlyCount "93"]
[GameId "2160767909229685"]
[EventDate "2013.08.31"]
[EventType "swiss"]
[EventRounds "6"]
[EventCountry "CAN"]
[SourceTitle "EXT 2022"]
[Source "ChessBase"]
[SourceDate "2021.10.06"]
[SourceVersion "1"]
[SourceVersionDate "2021.10.06"]
[SourceQuality "1"]

1. e4 e6 2. d4 d5 3. Nc3 Nf6 4. Bd3 c5 5. Nf3 Nc6 6. dxc5 Bxc5 7. O-O d4 8. Na4 Bd6 9. c3 dxc3 10. Nxc3 O-O 11. Bg5 h6 12. Bh4 e5 13. Nd5 Be7 14. Bxf6 Bxf6 15. Rc1 Be6 16. a3 Rc8 17. b4 a6 18. h3 g6 19. Bb1 Bg7 20. Ba2 Kh7 21. Qd3 Nd4 22. Nxd4 exd4 23. Rxc8 Qxc8 24. f4 Bd7 25. Qd2 Bb5 26. Rc1 Qd8 27. e5 d3 28. Kh2 Qd7 29. Bb3 Qf5 30. Re1 Rd8 31. a4 Bxa4 32. g4 Qd7 33. Nb6 Qd4 34. Nxa4 Bf8 35. Nc5 b6 36. Re4 Qa1 37. Nxd3 Qf1 38. Bc2 a5 39. bxa5 bxa5 40. Qe2 Qa1 41. e6 fxe6 42. Rxe6 Qd4 43. Qe4 Qxe4 44. Rxe4 Rc8 45. Ba4 Bd6 46. Rd4 Bf8 47. Kg2 1-0

[Event "Langley op"]
[Site "Langley CAN"]
[Date "2013.09.01"]
[Round "5"]
[White "Ingram, Richard"]
[Black "Doknjas, Joshua"]
[Result "0-1"]
[WhiteElo "1929"]
[BlackElo "1841"]
[PlyCount "73"]
[GameId "2160767909229686"]
[EventDate "2013.08.31"]
[EventType "swiss"]
[EventRounds "6"]
[EventCountry "CAN"]
[SourceTitle "EXT 2022"]
[Source "ChessBase"]
[SourceDate "2021.10.06"]
[SourceVersion "1"]
[SourceVersionDate "2021.10.06"]
[SourceQuality "1"]

1. d4 d5 2. g3 Nf6 3. Bg2 b5 4. Nf3 e6 5. Nbd2 Bb7 6. Ne5 Nbd7 7. Ndf3 Bd6 8. h3 c5 9. Bg5 Qc7 10. Bf4 O-O 11. Nxd7 Nxd7 12. Bxd6 Qxd6 13. Qd2 Nb6 14. Qf4 Qxf4 15. gxf4 cxd4 16. O-O-O Rac8 17. Nxd4 Rc5 18. e3 Rfc8 19. Bf1 b4 20. Bd3 Nc4 21. Rhg1 a5 22. Rg5 g6 23. f5 e5 24. fxg6 hxg6 25. Nb3 R5c7 26. Bf5 Ra8 27. Nd2 a4 28. h4 Nd6 29. Bxg6 fxg6 30. Rxg6+ Kf8 31. Rxd6 Rac8 32. Rb6 a3 33. bxa3 bxa3 34. Kb1 Bc6 35. Nb3 d4 36. Nc5 Bd5 37. exd4 0-1

[Event "Langley op"]
[Site "Langley CAN"]
[Date "2013.09.02"]
[Round "5"]
[White "Cao, Jason"]
[Black "Villavieja, Butch"]
[Result "1-0"]
[WhiteElo "2293"]
[BlackElo "2217"]
[PlyCount "55"]
[GameId "2160767909229687"]
[EventDate "2013.08.31"]
[EventType "swiss"]
[EventRounds "6"]
[EventCountry "CAN"]
[SourceTitle "EXT 2022"]
[Source "ChessBase"]
[SourceDate "2021.10.06"]
[SourceVersion "1"]
[SourceVersionDate "2021.10.06"]
[SourceQuality "1"]

1. e4 c5 2. Nf3 d6 3. d4 cxd4 4. Nxd4 Nf6 5. Nc3 g6 6. Be3 Bg7 7. f3 Nc6 8. Qd2 O-O 9. Bc4 Bd7 10. h4 Rc8 11. Bb3 h5 12. O-O-O Ne5 13. Bg5 Rc5 14. Kb1 b5 15. g4 hxg4 16. h5 Nxh5 17. Nd5 Re8 18. Rxh5 gxh5 19. Qh2 Nc4 20. Qxh5 Rxd5 21. exd5 Bxd4 22. Rxd4 Bf5 23. Bxc4 bxc4 24. Bd2 Qd7 25. Bc3 f6 26. Rf4 e6 27. Bxf6 Rf8 28. Rxf5 1-0

[Event "Langley op"]
[Site "Langley CAN"]
[Date "2013.09.02"]
[Round "5"]
[White "Hui, Jeremy"]
[Black "Chan, James"]
[Result "1/2-1/2"]
[WhiteElo "2039"]
[BlackElo "2151"]
[PlyCount "54"]
[GameId "2160767909229688"]
[EventDate "2013.08.31"]
[EventType "swiss"]
[EventRounds "6"]
[EventCountry "CAN"]
[SourceTitle "EXT 2022"]
[Source "ChessBase"]
[SourceDate "2021.10.06"]
[SourceVersion "1"]
[SourceVersionDate "2021.10.06"]
[SourceQuality "1"]

1. e4 c5 2. Nf3 e6 3. b3 d5 4. exd5 exd5 5. Bb5+ Bd7 6. Bxd7+ Nxd7 7. O-O Be7 8. Re1 Ngf6 9. Qe2 Kf8 10. Nc3 Rc8 11. Bb2 a6 12. d4 c4 13. bxc4 dxc4 14. a4 Bb4 15. Ba3 Bxa3 16. Rxa3 g6 17. Ne5 Kg7 18. Ne4 Qe7 19. Rf3 Rhf8 20. Nxd7 Nxd7 21. Qd2 Rfe8 22. Rfe3 Qf8 23. Qa5 Re6 24. Ng5 Rxe3 25. Rxe3 Re8 26. Qd5 Rxe3 27. fxe3 Qe7 1/2-1/2

[Event "Langley op"]
[Site "Langley CAN"]
[Date "2013.09.02"]
[Round "5"]
[White "Landingin, Jofrei"]
[Black "Foote, Joanne"]
[Result "0-1"]
[WhiteElo "1868"]
[BlackElo "1670"]
[PlyCount "41"]
[GameId "2160767738857346"]
[EventDate "2013.08.31"]
[EventType "swiss"]
[EventRounds "6"]
[EventCountry "CAN"]

1. d4 d5 2. c4 e6 3. e3 Nf6 4. Nc3 c6 5. Bd3 Be7 6. Nge2 O-O 7. b3 Nbd7 8. f4 Re8 9. O-O c5 10. Kh1 b6 11. a4 Bb7 12. Ng3 Qc7 13. Ra2 Bc6 14. Qe2 Rac8 15. Nb5 Qb7 16. h3 Bf8 17. Na3 Rcd8 18. Nb1 cxd4 19. exd4 g6 20. Be3 Bg7 21. Nc3 {White's cell phone rang.} 0-1

[Event "Langley op"]
[Site "Langley CAN"]
[Date "2013.09.02"]
[Round "5"]
[White "Piasetski, Leon"]
[Black "McLaren, Brian"]
[Result "1-0"]
[WhiteElo "2390"]
[BlackElo "2122"]
[PlyCount "67"]
[GameId "2160767909229689"]
[EventDate "2013.08.31"]
[EventType "swiss"]
[EventRounds "6"]
[EventCountry "CAN"]
[SourceTitle "EXT 2022"]
[Source "ChessBase"]
[SourceDate "2021.10.06"]
[SourceVersion "1"]
[SourceVersionDate "2021.10.06"]
[SourceQuality "1"]

1. c4 f5 2. Nf3 b6 3. d4 Nf6 4. g3 Bb7 5. Bg2 g6 6. O-O Bg7 7. Nc3 O-O 8. Qc2 e6 9. Rd1 d5 10. cxd5 exd5 11. Bf4 c6 12. b4 a6 13. a4 Nbd7 14. b5 axb5 15. axb5 c5 16. Rxa8 Qxa8 17. Qb2 Ne4 18. Ra1 Qc8 19. e3 cxd4 20. Nxe4 dxe4 21. Nxd4 Nc5 22. Ra7 Rd8 23. Qc2 Rd7 24. Bf1 Bd5 25. Ra3 h6 26. Bc4 Kh7 27. Bxd5 Rxd5 28. Qa2 Qg8 29. Ra8 Rd8 30. Qxg8+ Rxg8 31. Ra7 Re8 32. Bc7 h5 33. Bxb6 Nd3 34. Bc7 1-0

[Event "Langley op"]
[Site "Langley CAN"]
[Date "2013.09.02"]
[Round "5"]
[White "Pulfer, Luke"]
[Black "Tate, Bill"]
[Result "1/2-1/2"]
[WhiteElo "1742"]
[BlackElo "1541"]
[PlyCount "92"]
[GameId "2160767738857319"]
[EventDate "2013.08.31"]
[EventType "swiss"]
[EventRounds "6"]
[EventCountry "CAN"]
[SourceTitle "EXT 2022"]
[Source "ChessBase"]
[SourceDate "2021.10.06"]
[SourceVersion "1"]
[SourceVersionDate "2021.10.06"]
[SourceQuality "1"]

1. d4 f5 2. c4 Nf6 3. Nc3 e6 4. Nf3 d5 5. e3 c6 6. Be2 Bd6 7. O-O O-O 8. b3 Nbd7 9. Bb2 Qe8 10. Na4 Ne4 11. Ne5 Ndf6 12. f3 Ng5 13. Qd2 h6 14. Rae1 b6 15. Bd3 Bb7 16. Nc3 Nd7 17. Ne2 Nh7 18. e4 Bxe5 19. dxe5 c5 20. exf5 d4 21. fxe6 Nxe5 22. Bxh7+ Kxh7 23. Nf4 Qb8 24. Qc2+ Kg8 25. Ng6 Nxg6 26. Qxg6 Rf6 27. Qg4 Qd6 28. f4 Re8 29. f5 Re7 30. a3 a6 31. b4 a5 32. b5 Qc7 33. Bc1 Kh7 34. Bf4 Qd8 35. Be5 Qg8 36. Bxf6 gxf6 37. Qh4 Qg5 38. g3 Qg7 39. Rf4 Qg5 40. Qxg5 hxg5 41. Rf2 Kh6 42. g4 Kg7 43. Rd2 Kf8 44. Kf2 Rh7 45. Kg3 Ke7 46. h3 Rh4 {Drawn on move 71.} 1/2-1/2

[Event "Langley op"]
[Site "Langley CAN"]
[Date "2013.09.02"]
[Round "6"]
[White "Foote, Joanne"]
[Black "McLaren, Brian"]
[Result "0-1"]
[WhiteElo "1670"]
[BlackElo "2122"]
[PlyCount "112"]
[GameId "2160767909229690"]
[EventDate "2013.08.31"]
[EventType "swiss"]
[EventRounds "6"]
[EventCountry "CAN"]
[SourceTitle "EXT 2022"]
[Source "ChessBase"]
[SourceDate "2021.10.06"]
[SourceVersion "1"]
[SourceVersionDate "2021.10.06"]
[SourceQuality "1"]

1. e4 Nf6 2. e5 Nd5 3. d4 d6 4. Nf3 Bg4 5. Bc4 dxe5 6. dxe5 e6 7. O-O c6 8. Re1 Nd7 9. a3 Qc7 10. Bxd5 cxd5 11. Bf4 Bc5 12. Nc3 Qb6 13. Qe2 Bxf3 14. gxf3 Qxb2 15. Nb5 a6 16. Reb1 Qxb5 17. Rxb5 axb5 18. Qxb5 b6 19. Qc6 Ke7 20. Bg5+ f6 21. exf6+ gxf6 22. Re1 Bd6 23. Bf4 Be5 24. Bxe5 fxe5 25. Qc3 Ra4 26. Qb3 Rc4 27. Kh1 Rf8 28. a4 Rcf4 29. Re3 Rd4 30. Re1 Rff4 31. Qa3+ Nc5 32. Rxe5 Rxa4 33. Qe3 Kd7 34. Rh5 Rf7 35. Rg5 Rc4 36. Qd2 Rcf4 37. c4 d4 38. Qb4 Kc7 39. Qd2 d3 40. Qe3 Rxc4 41. Qe5+ Kc6 42. Rg8 Rd7 43. Rc8+ Kb5 44. Qb2+ Rb4 45. Qd2 Rb3 46. Ra8 Kc4 47. Ra2 b5 48. Qf4+ Rd4 49. Qd2 b4 50. Kg2 Rc3 51. Rb2 b3 52. Kh3 Rc2 53. Rxc2+ dxc2 54. Qe2+ Nd3 55. Qxe6+ Kc3 56. Qc6+ Kd2 0-1

[Event "Langley op"]
[Site "Langley CAN"]
[Date "2013.09.02"]
[Round "6"]
[White "Ingram, Richard"]
[Black "Yu, Rinna"]
[Result "1-0"]
[WhiteElo "1929"]
[BlackElo "1828"]
[PlyCount "55"]
[GameId "2160767909229691"]
[EventDate "2013.08.31"]
[EventType "swiss"]
[EventRounds "6"]
[EventCountry "CAN"]
[SourceTitle "EXT 2022"]
[Source "ChessBase"]
[SourceDate "2021.10.06"]
[SourceVersion "1"]
[SourceVersionDate "2021.10.06"]
[SourceQuality "1"]

1. e4 e5 2. Nf3 Nc6 3. Bb5 a6 4. Ba4 Nf6 5. O-O Bc5 6. b4 Nxb4 7. Bb2 O-O 8. Nxe5 Nxe4 9. d4 Be7 10. d5 a5 11. Re1 Nf6 12. c4 b6 13. a3 Na6 14. Nd2 Nc5 15. Bc2 Ba6 16. Ndf3 Bd6 17. Qd4 Re8 18. Re3 Bf8 19. Qh4 h6 20. Rae1 b5 21. Ng4 Rxe3 22. Nxf6+ gxf6 23. Rxe3 Bg7 24. Qg4 Kh8 25. cxb5 Bxb5 26. Qf5 Kg8 27. Nd4 c6 28. Qh7+ 1-0

[Event "Langley op"]
[Site "Langley CAN"]
[Date "2013.09.02"]
[Round "6"]
[White "Jiganchine, Roman"]
[Black "Hui, Jeremy"]
[Result "1-0"]
[WhiteElo "2219"]
[BlackElo "2039"]
[PlyCount "95"]
[GameId "2160767909229692"]
[EventDate "2013.08.31"]
[EventType "swiss"]
[EventRounds "6"]
[EventCountry "CAN"]
[SourceTitle "EXT 2022"]
[Source "ChessBase"]
[SourceDate "2021.10.06"]
[SourceVersion "1"]
[SourceVersionDate "2021.10.06"]
[SourceQuality "1"]

1. e4 e6 2. d4 d5 3. Nd2 Nf6 4. e5 Nfd7 5. Bd3 c5 6. c3 Nc6 7. Ngf3 g6 8. O-O Bg7 9. Re1 O-O 10. Nf1 cxd4 11. cxd4 f6 12. exf6 Nxf6 13. Ng3 Qb6 14. Bc2 Ne8 15. Ne2 Nc7 16. Ba4 Nb5 17. Be3 Nd6 18. Bxc6 Qxc6 19. b3 Ne4 20. Ng3 Nxg3 21. hxg3 Bd7 22. Rc1 Qa6 23. Qd2 Rac8 24. Bf4 Rxc1 25. Rxc1 Rc8 26. Rxc8+ Bxc8 27. Be5 Bxe5 28. Nxe5 Qd6 29. Qf4 Qf8 30. Qc1 Qd8 31. Qc5 a6 32. a4 Kg7 33. g4 Kg8 34. Qc1 Kg7 35. g5 Bd7 36. Qf4 Be8 37. Ng4 Bf7 38. Nh6 Qe8 39. Qf6+ Kf8 40. g3 Qd7 41. Qh8+ Ke7 42. Qxh7 Qe8 43. Qg7 Qf8 44. Qf6+ Ke8 45. Qf4 b5 46. Qb8+ Ke7 47. Qb7+ Ke8 48. axb5 1-0

[Event "Langley op"]
[Site "Langley CAN"]
[Date "2013.09.02"]
[Round "6"]
[White "Sohal, Tanraj"]
[Black "Cao, Jason"]
[Result "1-0"]
[WhiteElo "2264"]
[BlackElo "2293"]
[PlyCount "45"]
[GameId "2160767909229693"]
[EventDate "2013.08.31"]
[EventType "swiss"]
[EventRounds "6"]
[EventCountry "CAN"]
[SourceTitle "EXT 2022"]
[Source "ChessBase"]
[SourceDate "2021.10.06"]
[SourceVersion "1"]
[SourceVersionDate "2021.10.06"]
[SourceQuality "1"]

1. d4 Nf6 2. c4 e6 3. Nf3 b6 4. g3 Ba6 5. Qc2 Bb7 6. Bg2 c5 7. d5 exd5 8. cxd5 Nxd5 9. O-O Be7 10. Qe4 Qc8 11. Nh4 Qc6 12. Rd1 Nf6 13. Qe5 d5 14. Nf5 Qd7 15. Nxg7+ Kd8 16. Bg5 Qc6 17. Nf5 Qe6 18. Qf4 Nbd7 19. Nc3 Qe5 20. Qxe5 Nxe5 21. Nxd5 Bxd5 22. Bxd5 Rb8 23. Bc6+ 1-0